Теоретические основы электротехники. Ч. 2: Расчет переходных процессов в линейных электрических цепях с применением компьютерного моделирования в системе Electronics Workbench (Запись № 10517163)

Подробности
000 -МАРКЕР
контрольное поле 02091nam2a2200289 4500
001 - ИДЕНТИФИКАТОР ЗАПИСИ
контрольное поле RU\NLR\BIBL_A\010884059
005 - ИДЕНТИФИКАТОР ВЕРСИИ
контрольное поле 20250624194200.0
010 ## - МЕЖДУНАРОДНЫЙ СТАНДАРТНЫЙ НОМЕР КНИГИ (ISBN)
Номер (ISBN) 978-5-7339-1065-9
Тираж 100
021 ## - НОМЕР ГОСУДАРСТВЕННОЙ РЕГИСТРАЦИИ
Код страны Российская Федерация
Номер 2015-79428
Номер Листа государственной регистраци 4810
035 ## - ДРУГИЕ СИСТЕМНЫЕ НОМЕРА
Идентификатор записи (NLR Aleph) 010884059
100 ## - ДАННЫЕ ОБЩЕЙ ОБРАБОТКИ
Данные общей обработки 20151106d2014 |||y0rusy50 ca
101 0# - ЯЗЫК РЕСУРСА
Язык текста, звукозаписи и т.д. русский
102 ## - СТРАНА ПУБЛИКАЦИИ ИЛИ ПРОИЗВОДСТВА
Страна публикации Российская Федерация
105 ## - ПОЛЕ КОДИРОВАННЫХ ДАННЫХ: ТЕКСТОВЫЕ МАТЕРИАЛЫ, МОНОГРАФИЧЕСКИЕ
Кодированные данные о монографическом текстовом документе a j 000yy
200 1# - ЗАГЛАВИЕ И СВЕДЕНИЯ ОБ ОТВЕТСТВЕННОСТИ
Основное заглавие Расчет переходных процессов в линейных электрических цепях с применением компьютерного моделирования в системе Electronics Workbench
Сведения, относящиеся к заглавию семинары и курсовые/контрольные работы
210 ## - ПУБЛИКАЦИЯ, РАСПРОСТРАНЕНИЕ И ДР.
Дата издания, распространения и т.д. 2014
Место издания, распространения и т.д. Б. м.
215 ## - ФИЗИЧЕСКАЯ ХАРАКТЕРИСТИКА
Специфическое обозначение материала и объем 192 с.
Другие сведения о физической характеристике ил.
320 ## - ПРИМЕЧАНИЯ О НАЛИЧИИ В ДОКУМЕНТЕ БИБЛИОГРАФИИ / УКАЗАТЕЛЯ
Текст примечания Библиогр.: с. 188 (9 назв.)
461 #0 - УРОВЕНЬ НАБОРА
Встроенное поле 001RU\NLR\BIBL_A\010940681
-- 2001#$aТеоретические основы электротехники$vЧ. 2
-- 700#1$aЛюбарская$bТ.А.
Системный номер (АБИС) связанной записи 10751895
Автор Любарская, Т. А.
Место публикации Москва
Дата публикации 2014
Первые сведения об ответственности Т.А. Любарская
Имя издателя, распространителя и т.д. МГТУ МИРЭА
Сведения, относящиеся к заглавию учебное пособие : для студентов, обучающихся по направлениям "Биотехнические системы и технологии", "Приборостроение", "Управление в технических системах", "Информатика и вычислительная техника"
Физическая характеристика 21
Заглавие Теоретические основы электротехники
Номер тома Ч. 2
606 1# - НАИМЕНОВАНИЕ ТЕМЫ КАК ПРЕДМЕТ
Наименование темы Линейные электрические цепи
Формальный подзаголовок Учебные издания для высших учебных заведений
Тематический подзаголовок Расчет на компьютерах
Системный номер авторитетной/нормативной записи 2096830
Идентификатор авторитетной/нормативной записи RU\NLR\AUTH\661268600
606 1# - НАИМЕНОВАНИЕ ТЕМЫ КАК ПРЕДМЕТ
Наименование темы ELECTRONICS WORKBENCH, пакет прикладных программ
Формальный подзаголовок Учебные издания для высших учебных заведений
Системный номер авторитетной/нормативной записи 2182238
Идентификатор авторитетной/нормативной записи RU\NLR\AUTH\661312218
686 1# - ИНДЕКСЫ ДРУГИХ КЛАССИФИКАЦИЙ
Индекс З211.020.05с116я73-1
942 ## - ДОПОЛНИТЕЛЬНЫЕ ЭЛЕМЕНТЫ ЗАПИСИ (АБИС)
Тип экземпляра АБИС Книга
980 ## - КОЛЛЕКЦИЯ
Название коллекции Национальная библиография
Экземпляры
Тип экземпляра Дата поступления Источник поступления Стоимость Библиотека постоянного хранения Библиотека текущего хранения Место хранения Шифр хранения Штрих-код Статус экземпляра Публичное примечание
Книга 06.11.2015 Обязательный экземпляр 0.00 РНБ (Московский) РНБ (Московский) Русский книжный фонд: издания с 1957 года 2015-3/29328 1-1188189   Y
Книга 06.11.2015 Обязательный экземпляр 0.00 РНБ (Московский) РНБ (Московский) Русский книжный фонд: издания с 1957 года 2015-3/29328 1-1188190   Y